| 000 | 00990nam a22002537a 4500 | ||
|---|---|---|---|
| 999 |
_c8120 _d8120 |
||
| 003 | AR-CdUCM | ||
| 008 | 190322b ||||| |||| 00| 0 spa d | ||
| 020 | _a84-7214-204-3 | ||
| 040 |
_aMUNICIPALIDAD PROVINCIAL DEL CUSCO _cBIBLIOTECA MUNICIPAL DEL CUSCO |
||
| 041 | _hita | ||
| 082 |
_a693.5 / _bSO69 |
||
| 100 |
_aSoltan, S. Pereswiett _922926 |
||
| 245 | _aEstructura tradicional y prefabricada en hormigón / | ||
| 260 |
_aMadrid : _bH. Blumes, _c1980. |
||
| 300 |
_a280 paginas ; _bCuadros, diagramas, formulas, _c28 cm. |
||
| 500 | _aTitulo original : Strutture Tradizionali e prefabricate calcestruzzo armato | ||
| 505 | _aContenido :El hormigón -- Componentes del hormigón -- Aceros para las armaduras del hormigón --Zapatas individuales -- Estructuras... | ||
| 650 |
_aHormigón _922927 |
||
| 650 |
_aEstructura prefabricadas _922928 |
||
| 650 |
_aAcero para la armadura _922929 |
||
| 700 |
_aSalas, Julían ( Traductor) _922930 |
||
| 942 |
_2ddc _cLIBROS |
||
| 945 | _awnts | ||